| 000 | 00906nam a22001937a 4500 | ||
|---|---|---|---|
| 010 | _a1617CH-EN | ||
| 020 |
_a9789385755002 _c499.00 |
||
| 035 | _aB-646316-343 | ||
| 035 | _aB-666164 | ||
| 037 |
_aDPL _bPragati/ven |
||
| 100 | _aBond, Ruskin | ||
| 245 |
_aFriends in wild places: _cby Ruskin Bond; illustrated by Shubhadarshini Singh _bbirds, beasts and other companions / |
||
| 260 |
_aNew Delhi _bSpeaking Tiger _c2016 |
||
| 270 |
_a4381/4, Ansari Road, Daryaganj, _bNew Delhi _e110002 |
||
| 300 |
_a157p. _c25cm(Hb) |
||
| 942 |
_2ddc _cCH _mBON _hS |
||
| 999 |
_c100698 _d100698 |
||